[Podniková diagnostika]

Recenzia na publikáciu, ktorá sa zaoberá podnikovou diagnostikou. Cieľom publikácie je vysvetliť študentom základy diagnostiky podniku, a to postupne v štyroch nadväzujúcich kapitolách.

Uložené v:
Podrobná bibliografia
Hlavný autor: Šúbertová, Elena
Médium: Kapitola
Jazyk:Slovak
Predmet:
Tagy: Pridať tag
Žiadne tagy, Buďte prvý, kto otaguje tento záznam!

MARC

LEADER 00000naa$a2200000$$$4500
001 0079190
005 20240502071915.1
041 0 |a slo 
044 |a SK 
245 1 0 |a [Podniková diagnostika]  |c Elena Šúbertová 
520 |a Recenzia na publikáciu, ktorá sa zaoberá podnikovou diagnostikou. Cieľom publikácie je vysvetliť študentom základy diagnostiky podniku, a to postupne v štyroch nadväzujúcich kapitolách. 
610 2 0 |a recenzie 
610 2 0 |a prostredie podnikové 
610 2 0 |a cyklus podniku životný 
610 2 0 |a diagnostika podniková 
100 1 |a Šúbertová, Elena